|
|
|
|
| LEADER |
00000nam a22000007a 4500 |
| 005 |
20140501233513.0 |
| 007 |
cr|||| |||| |
| 008 |
140501s2014 es |||||s|||| 00||0 spa d |
| 020 |
|
|
|a 978-84-15923-33-6
|
| 035 |
|
|
|a 12103
|
| 040 |
|
|
|a vLex
|
| 090 |
|
|
|c 4891
|d 4891
|
| 100 |
1 |
|
|a Urrutikoetxea Barrutia, Mikel
|
| 245 |
1 |
0 |
|a Acoso Laboral y lesin̤ de derechos fundamentales
|h [Recurso electrn̤ico] /
|c Mikel Urrutikoetxea Barrutia
|
| 256 |
|
|
|a Servicio en ln̕ea
|
| 260 |
|
|
|a Albacete:
|b Editorial Bomarzo,
|c 2014
|
| 300 |
|
|
|a 1 recurso electrn̤ico
|
| 506 |
1 |
|
|a Disponible solo en los productos indicados
|d vLex Global
|d vLex Global (Academic Edition, excluding Law Schools)
|d vLex Global (U.S. Academic Edition, Law Schools)
|d vLex Global (U.S. Academic Edition, excluding Law Schools)
|d vLex Global (Academic Edition, Law Schools)
|
| 650 |
0 |
4 |
|a Derecho Laboral y Seguridad Social
|z Espaą
|
| 650 |
0 |
4 |
|a Delitos contra las personas
|z Espaą
|
| 650 |
0 |
4 |
|a Derechos y Deberes fundamentales
|z Espaą
|
| 740 |
0 |
|
|a vLex Libros (Servicio en ln̕ea)
|
| 856 |
4 |
0 |
|u http://vlex.com/source/acoso-laboral-lesion-derechos-fundamentales-12103
|z Acceso restringido
|
| 942 |
|
|
|c BOOK
|
| 999 |
0 |
|
|a Labor Law and Social Security
|
| 999 |
0 |
|
|a Crimes against persons
|
| 999 |
0 |
|
|a Fundamental Rights and Duties
|